00489nam a2200193 a 4500001001300000003000900013005001700022008004100039020001000080082001300090100002200103245001200125260003800137300000900175500003500184505003400219650002000253700002200273nice12345678IN_TiNIC20260116013936.0050524s1998 dela grp 000 0 eng  ac69500a823bRAO aRao, P V Narsimha aInsider aDelhibViking Penguin Booksc1998 a767p aincludes index and biblioraphy2 aAppendix, Bibliography, Index aEnglish-Fiction1 aRao, P V Narsimha